VAT increase will cost more than 11 000 construction jobs, warns FMB (Record no. 82908)

MARC details
000 -LEADER
fixed length control field 00979cad a22002055a 4500
001 - CONTROL NUMBER
control field L152192
008 - FIXED-LENGTH DATA ELEMENTS--GENERAL INFORMATION
fixed length control field 110209e20101220xxk f 000 0 eng d
035 ## - SYSTEM CONTROL NUMBER
System control number (Sirsi) u152192
041 0# - LANGUAGE CODE
Language code of text/sound track or separate title eng
110 2# - MAIN ENTRY--CORPORATE NAME
Corporate name or jurisdiction name as entry element Federation of Master Builders
9 (RLIN) 465
245 00 - TITLE STATEMENT
Title VAT increase will cost more than 11 000 construction jobs, warns FMB
Medium [electronic resource]
260 ## - PUBLICATION, DISTRIBUTION, ETC.
Date of publication, distribution, etc. 2010
490 ## - SERIES STATEMENT
Series statement Federation of Master Builders Press Release
Volume/sequential designation 20 December 2010
520 ## - SUMMARY, ETC.
Summary, etc. 11,400 jobs will be lost in the construction sector over the next decade as a result of the VAT rise to 20 percent in the New Year and a further 34,000 will be lost from the UK economy as a whole by 2019.
590 ## - LOCAL NOTE (RLIN)
Local note KA
651 #4 - SUBJECT ADDED ENTRY--GEOGRAPHIC NAME
Geographic name United Kingdom
Chronological subdivision
690 ## - LOCAL SUBJECT ADDED ENTRY--TOPICAL TERM (OCLC, RLIN)
Topical term or geographic name as entry element BUILT ENVIRONMENT-CONSTRUCTION MARKET
856 40 - ELECTRONIC LOCATION AND ACCESS
Uniform Resource Identifier <a href="https://www.fmb.org.uk/news/press-releases/2010/december/vat-increase-will-cost-more-than-11000-construction-jobs-warns-fmb201210/">https://www.fmb.org.uk/news/press-releases/2010/december/vat-increase-will-cost-more-than-11000-construction-jobs-warns-fmb201210/</a>
Public note View the item free of charge at www.fmb.org.uk
942 ## - ADDED ENTRY ELEMENTS (KOHA)
Suppress in OPAC 0
Holdings
Withdrawn status Lost status Source of classification or shelving scheme Damaged status Not for loan Home library Current library Shelving location Date acquired Total Checkouts Full call number Barcode Date last seen Copy number Price effective from Koha item type
    Dewey Decimal Classification     Virtual Virtual Online 09/02/2011   ONLINE PUBLICATION 152192-2001 06/08/2019 1 06/08/2019 Book